Statistics for European Geographic Groups of Two

Click here to take the quiz!

General Stats

  • This quiz has been taken 178 times
  • The average score is 27 of 32

Answer Stats

ClueAnswer% Correct
Cities that hosted the Olympic Games three timesLondon
97%
Dublin
96%
Paris
96%
Seas with color namesBlack Sea
95%
Capitals located in the Gulf of FinlandHelsinki
95%
Vatican City
94%
Moscow
93%
Countries beginning with PPoland
93%
Capitals on the island of IrelandBelfast
92%
Modern City-statesMonaco
92%
North Sea
92%
Portugal
92%
Danube
91%
Countries who won FIFA men's World Cup 4 timesGermany
90%
Countries bordering MoldovaRomania
90%
Ukraine
87%
Seas on which Germany has a coastBaltic Sea
85%
Iceland
85%
Italy
85%
Jersey
82%
Mont Blanc
82%
Serbian
82%
Tallinn
82%
Longest riversVolga
80%
Crown Dependencies in English ChannelGuernsey
76%
Largest islandsGreat Britain
74%
Official languages of KosovoAlbanian
72%
Largest citiesIstanbul
72%
White Sea
68%
One word countries with 11 letters in their nameNetherlands
65%
Tallest mountainsElbrus
59%
Switzerland
59%

Score Distribution

Percentile by Number Answered

Percent of People with Each Score

Your Score History

You have not taken this quiz